Biotechnology and omics approaches for bioenergy crops (Record no. 395010)
[ view plain ]
| 000 -LEADER | |
|---|---|
| fixed length control field | 00692 a2200253 4500 |
| 005 - DATE & TIME | |
| control field | 20260209161240.0 |
| 008 - FIXED-LENGTH DATA ELEMENTS--GENERAL INFORMATION | |
| fixed length control field | 260209b |||||||| |||| 00| 0 eng d |
| 020 ## - ISBN | |
| International Standard Book Number | 9789819949533 |
| Price | € 199.99 |
| 040 ## - CATALOGING SOURCE | |
| Original cataloging agency | VIVEKANANDA LIBRARY |
| 082 ## - DDC NUMBER | |
| Classification number | 660.6 |
| Book Number | A77B |
| 100 ## - MAIN ENTRY--PERSONAL NAME | |
| Personal name | Aasim, Muhammad |
| 245 ## - TITLE STATEMENT | |
| Title | Biotechnology and omics approaches for bioenergy crops |
| 260 ## - PUBLICATION, DISTRIBUTION, ETC. (IMPRINT) | |
| Name of publisher, distributor, etc | Springer |
| Date of publication, distribution, etc | 2023 |
| Place of publication, distribution, etc | Singapore |
| 300 ## - PHYSICAL DESCRIPTION | |
| Pages | xv, 288 |
| 650 ## - Subject | |
| Subject | Biotechnology |
| 650 ## - Subject | |
| Subject | Bioenerygy Crops |
| 650 ## - Subject | |
| Subject | Plant Biotechnology |
| 700 ## - Added Entry Personal Name | |
| Added Entry Personal Name | Baloch, Faheem Shehzad |
| 700 ## - Added Entry Personal Name | |
| Added Entry Personal Name | Nadeem, Muhammad Azhar |
| 700 ## - Added Entry Personal Name | |
| Added Entry Personal Name | Habyarimana, Ephrem |
| 700 ## - Added Entry Personal Name | |
| Added Entry Personal Name | Ahmad, Shakeel |
| 700 ## - Added Entry Personal Name | |
| Added Entry Personal Name | Chung, Gyuhwa |
| 942 ## - ADDED ENTRY ELEMENTS (KOHA) | |
| Koha item type | Books |
| Withdrawn status | Lost status | Source of classification or shelving scheme | Damaged status | Not for loan | Location (home branch) | Sublocation or collection (holding branch) | Shelving location | Date acquired | Koha issues (times borrowed) | Koha full call number | Accession No. | Koha date last seen | Koha item type |
|---|---|---|---|---|---|---|---|---|---|---|---|---|---|
| Dewey Decimal Classification | VIVEKANANDA LIBRARY | VIVEKANANDA LIBRARY | Vivekananda Library | 27/01/2026 | 660.6 A77B | 444353 | 27/01/2026 | Books |
